| 000 | 00638 a2200205 4500 | ||
|---|---|---|---|
| 010 | _aENG-87983 | ||
| 020 |
_a8183870422 _c595.00 |
||
| 035 | _aEN-71516 | ||
| 037 | _bDBAD / PUB | ||
| 082 | 1 | 4 | _a305.56 |
| 090 |
_c7539 _d7539 |
||
| 100 | 1 | _aSamel, Swapna H. | |
| 245 | 1 |
_aRights of dalit _cby Swapna H. Samel |
|
| 260 |
_aDelhi _bSerials Publications _c2006 |
||
| 270 |
_a4834/ 24, Ansari Road, Daryaganj, _bDelhi _e110 002 |
||
| 300 |
_axvii, 222 p. _c22 cm ( Hb.) |
||
| 500 | _aincludes index | ||
| 942 |
_adpl _cEN _k305.56 / SAM |
||
| 999 |
_c7409 _d7409 |
||